Avrupa birliği anayasası/ (Record no. 13606)

MARC details
000 -BAŞLIK
Sabit Uzunlukta Kontrol Alanı 00724nam a22002177a 4500
999 ## - SİSTEM KONTROL NUMARALARI (KOHA)
Koha Biblionumber 13606
Koha Biblioitemnumber 13606
003 - KONTROL NUMARASI IDENTIFIER
Denetim Alanı MIRAKIL
005 - SON İŞLEM TARİHİ VE ZAMANI
Denetim Alanı 20191114122551.0
008 - SABİT-BOY VERİ ELEMANLARI - GENEL BİLGİLER
Sabit Uzunlukta Kontrol Alanı 191114b tu ||||| |||| 00| 0 tur d
020 ## - ULUSLARARASI STANDART KİTAP NUMARASI
Uluslararası Standart Kitap Numarası 9756220112
040 ## - KATALOGLAMA KAYNAK
Orijinal Kataloglama Ajansı TR-AnCHP
Metne Dönüştürmek Ajansı TR-AnCHP
082 ## - DEWEY ONLU SINIFLANDIRMA NUMARASI
Sınıflandırma Numarası 341.2422
Ürün Numarası A86 2005
245 10 - BAŞLIK TABLOSU
Başlık Avrupa birliği anayasası/
Sorumluluk Tablosu, Vb Yayına hazırlayan Fatih Güven.
260 ## - YAYIN, DAĞITIM, VB
Yayın, Dağıtım, Vb Yeri İstanbul:
Yayıncı, Dağıtıcı, Vs Adı İlkbiz yayınevi,
Yayın, Dağıtım, Vb Tarihi 2005.
300 ## - FİZİKSEL TANIM
Kapsam 270 s.:
Boyutlar 21 sm.
650 #0 - KONU KATMA GİRİŞ - TOPİKAL DÖNEM
9 (RLIN) 943
Topikal Süreli Veya Coğrafi Ad Giriş Elemanı uluslararası hukuk
Genel Alt Bölümü Avrupa birliği
700 ## - KATMA GİRİŞ - KİŞİSEL İSİM
9 (RLIN) 6100
Kişisel Ad Güven, Fatih
Relator Terim yay. haz.
740 ## - KATMA GİRİŞ - KONTROLSUZ İLGİLİ / ANALİTİK BAŞLIK
Kontrol Edilmeyen / İlgili Analitik Başlıktaki Avrupa için bir anayasa oluşturan antlaşma
740 ## - KATMA GİRİŞ - KONTROLSUZ İLGİLİ / ANALİTİK BAŞLIK
Kontrol Edilmeyen / İlgili Analitik Başlıktaki Hükümetlerarası konferans nihai senedi'ne ek bildirgeler ve nihai sened
942 ## - EKLENDİ GİRİŞ ELEMANLARI (KOHA)
Sınıflandırma Veya Raf Düzeni Kaynak Dewey Decimal Classification
Koha Öğesi Türü Books
999 ## - SİSTEM KONTROL NUMARALARI (KOHA)
Koha Biblioitemnumber 13606
Holdings
Kalıcı Konum Mevcut Konum Edinme Tarihi Toplam Check-Out'Lar Tam Çağrı Numarası Barkod Tarih Son Görülme İtibaren Geçerli Fiyatlar Sigara Kamu Notu Koha Öğesi Türü
CHP Kütüphanesi CHP Kütüphanesi 11/14/2019   341.2422 A86 2005 011869 11/14/2019 11/14/2019 Ertuğrul Çepni bağışıdır. Books